000 00824cam a2200217 4500
001 ABS61489
008 000000n1999 000 0 eng u
035 _a(Sirsi) u102495
245 _aHarmon special
260 _c1999
490 _aBuilding
_v264(8113) 19 November 1999, 82-85(4)
520 _aA special feature on the case "Harmon CFEM Facades (UK) Ltd v The Corporate Officer of the House of Commons", assessing its implications and looking at the case from the perspective of both the plaintiff and the public sector.
590 _aABS
650 _aHARMON CFEM FACADES (UK) LTD V THE CORPORATE OFFICER OF THE HOUSE OF COMMONS
650 _aPUBLIC PROCUREMENT
650 _aBEST VALUE
650 _aPUBLIC SECTOR
650 _aTENDERS
690 _aBUILT ENVIRONMENT-BUILDING CONTRACT FORMS
942 _n0
999 _c61507
_d61507